| 000 | 00814nam a22002297a 4500 | ||
|---|---|---|---|
| 005 | 20250408110907.0 | ||
| 008 | 250408b |||||||| |||| 00| 0 eng d | ||
| 020 | _a978-81-979821-3-2(hbk) | ||
| 037 | _cTB | ||
| 040 |
_aCRL _cCRL |
||
| 041 |
_2pun _apun |
||
| 084 | _aU8 153R4 | ||
| 100 | _aਥਿੰਦ, ਗੁਰਚਰਨ ਕੌਰ | ||
| 245 | _aਲਹਿੰਦੇ ਪੰਜਾਬ ਚ 14 ਦਿਨ | ||
| 260 |
_aਲੁਧਿਆਣਾ, ਭਾਰਤ: _bਚੇਤਨਾ ਪ੍ਰਕਾਸ਼ਨ, _c2024. |
||
| 300 | _a246 ਪ. | ||
| 365 |
_b495.00 _cINR |
||
| 650 | _2ਜਿਯੋਗਰਾਫੀ | ||
| 650 | _2ਸਫਰਨਾਮਾ | ||
| 942 |
_2CC _cTB _hU8 153R4 _n0 |
||
| 999 |
_c1308509 _d1308509 |
||